The long-run effects of proprietary schools on wages and earnings : implications for federal policy (Record no. 72165)

MARC details
000 -CABECERA
campo de control de longitud fija 00695nam a2200229 a 4500
005 - FECHA Y HORA DE LA ÚLTIMA TRANSACCIÓN
campo de control 20210219153243.0
008 - ELEMENTOS DE LONGITUD FIJA--INFORMACIÓN GENERAL
campo de control de longitud fija 991125n 000 0 eng u
035 ## - NÚMERO DE CONTROL DEL SISTEMA
Número de control de sistema UPN01000086123
100 ## - ASIENTO PRINCIPAL--NOMBRE PERSONAL
Nombre de persona Grubb, W. Norton
222 ## - TÍTULO CLAVE
Título clave EDUCATIONAL EVALUATION AND POLICY ANALYSIS
245 ## - MENCIÓN DE TÍTULO
Título The long-run effects of proprietary schools on wages and earnings : implications for federal policy
300 ## - DESCRIPCIÓN FÍSICA
Extensión 17-35
362 ## - FECHAS DE PUBLICACIÓN Y/O DESIGNACIÓN SECUENCIAL
Fecha de publicación y/o designación secuencial 1993 15, no. 1
653 0# - TERMINO DE INDIZACION - NO CONTROLADO
Término no controlado ESCUELAS PARTICULARES
653 0# - TERMINO DE INDIZACION - NO CONTROLADO
Término no controlado FINANZAS EDUCATIVAS
653 0# - TERMINO DE INDIZACION - NO CONTROLADO
Término no controlado POLITICA EDUCATIVA
653 0# - TERMINO DE INDIZACION - NO CONTROLADO
Término no controlado RELACION EDUCACION-TRABAJO
653 0# - TERMINO DE INDIZACION - NO CONTROLADO
Término no controlado SALARIOS
653 0# - TERMINO DE INDIZACION - NO CONTROLADO
Término no controlado SCHOOL HOLDING POWER
904 ## - ELEMENTOS DE DATOS D LOCAL, LDD (RLIN)
a AC
b 023934
905 ## - TIPO DE MATERIAL
Tipo de material Articulo

No items available.